[Event "ROM-ch U08"]
[Site "Calimanesti"]
[Date "2018.04.02"]
[Round "8"]
[White "Stoica Visan, Nicolas"]
[Black "Terzea, Eduard Andrei"]
[Result "1-0"]
[WhiteElo "1001"]
[BlackElo "1001"]
[PlyCount "35"]
[EventDate "2018.03.27"]
[EventType "swiss"]
[EventRounds "9"]
[EventCountry "ROU"]
[SourceTitle "CBM 183 Extra"]
[Source "ChessBase"]
[SourceDate "2018.04.19"]
[SourceVersion "1"]
[SourceVersionDate "2018.04.19"]
[SourceQuality "1"]

1. e4 d5 2. exd5 Qxd5 3. Nc3 Qd8 4. Bc4 Nf6 5. Nf3 Bg4 6. h3 Bf5 7. 0-0 e6 8. d4 Nc6 9. d5 Nb8 10. Re1 Qd7 11. Ne5 Qd6 12. Bf4 Be7 13. Nd3 Qd7 14. Qd2 0-0 15. Ne5 Qd6 16. Ng4 Qd7 17. Bh6 Nh5 18. dxe6 1-0

[Event "ROM-ch U08"]
[Site "Calimanesti"]
[Date "2018.03.29"]
[Round "3"]
[White "Terzea, Eduard Andrei"]
[Black "Patriche, Stefan"]
[Result "0-1"]
[WhiteElo "1001"]
[BlackElo "1049"]
[PlyCount "84"]
[EventDate "2018.03.27"]
[EventType "swiss"]
[EventRounds "9"]
[EventCountry "ROU"]
[SourceTitle "CBM 183 Extra"]
[Source "ChessBase"]
[SourceDate "2018.04.19"]
[SourceVersion "1"]
[SourceVersionDate "2018.04.19"]
[SourceQuality "1"]

1. d4 e6 2. Nf3 d5 3. e3 c5 4. Bd3 Nc6 5. c3 Nf6 6. Nbd2 Bd6 7. b3 e5 8. dxc5 Bxc5 9. Bb2 e4 10. Bb5 exf3 11. Qxf3 0-0 12. 0-0 a6 13. Be2 Ne5 14. Qh3 Bxh3 15. gxh3 b5 16. b4 Bb6 17. c4 bxc4 18. Bxe5 d4 19. e4 d3 20. Bf3 Bd4 21. Bg3 Bxa1 22. Rxa1 c3 23. e5 Nd5 24. Bxd5 Qxd5 25. f3 cxd2 26. Bf4 Qd4+ 27. Kg2 Qxa1 28. Bxd2 Qxa2 29. Kg3 Qxd2 30. f4 Qe3+ 31. Kg4 d2 32. h4 d1Q+ 33. Kf5 g6+ 34. Kg5 Qdg1+ 35. Kf6 Qxf4+ 36. Ke7 Qxe5+ 37. Kd7 Qd1+ 38. Kc6 Qc3+ 39. Kb7 Qxb4+ 40. Kc7 Qc4+ 41. Kb6 Qb1+ 42. Ka5 Qca2# 0-1

[Event "ROM-ch U08"]
[Site "Baile Felix"]
[Date "2017.02.04"]
[Round "3"]
[White "Terzea, Eduard Andrei"]
[Black "Furfurica, Alexandru"]
[Result "0-1"]
[WhiteElo "1001"]
[BlackElo "1001"]
[PlyCount "78"]
[EventDate "2017.02.02"]
[EventType "swiss"]
[EventRounds "9"]
[EventCountry "ROU"]
[SourceTitle "CBM 176 Extra"]
[Source "ChessBase"]
[SourceDate "2017.03.02"]
[SourceVersion "1"]
[SourceVersionDate "2017.03.02"]
[SourceQuality "1"]

1. b3 Nc6 2. Bb2 e5 3. d3 Nf6 4. g3 Nd4 5. Bg2 d6 6. Nd2 d5 7. e3 Nf5 8. e4 dxe4 9. dxe4 Nd4 10. Bxd4 exd4 11. e5 Nd5 12. c4 Nc3 13. Qc2 g6 14. Rc1 Bf5 15. Bxb7 Bxc2 16. Rxc2 Rb8 17. Bf3 Nxa2 18. Rxa2 Bg7 19. Rxa7 Rc8 20. Bb7 Rb8 21. Bc6+ Kf8 22. Ne4 Bxe5 23. Rb7 Rxb7 24. Bxb7 Qb8 25. Bd5 Qxb3 26. Nh3 Qf3 27. Ng1 Qxh1 28. Kf1 Qxh2 29. f3 d3 30. c5 d2 31. Nxd2 Qxd2 32. Be4 Bd4 33. Nh3 Qc1+ 34. Kg2 Kg7 35. f4 Qc3 36. c6 Ra8 37. f5 gxf5 38. Bxf5 Ra2+ 39. Kf1 Qc1# 0-1